000 00862nam a2200277Ia 4500
001 Z_1457
003 CHAP
008 220113s1992 xx 000 0 und d
010 _a164546
040 _cCHAP
090 _aTesis L 736
100 _aLópez Pérez, Elvia
_968223
245 _aEvaluación de levamisol contra vermes gastroentéricos de ovinos utilizando dos vías de aplicación intramuscular y cutánea /
_cpor Elvia López Pérez
260 _aChapingo, Méx. :
_bEl autor,
_c1992
300 _a62 h. ; gráfs.
502 _aTesis (Ing. Agr. Esp. en Zootecnia) -- UACH. Departamento de Zootecnia
650 _aGanado lanar
_xParásitos
_945208
650 _aLevamisol
_966405
650 _aNemátodos parásitos de ovinos
_980834
901 _aTESIS L 736
902 _aM
910 _a1992
942 _c2
942 _c2
999 _c164546
_d164546